[Event "US-ch Open 2018"]
[Site "Saint Louis"]
[Date "2018.04.23"]
[Round "6"]
[White "Nakamura, Hikaru"]
[Black "Xiong, Jeffery"]
[Result "1/2-1/2"]
[WhiteElo "2787"]
[BlackElo "2665"]
[Annotator "TA"]
[PlyCount "61"]
[EventDate "2018.??.??"]
[EventType "tourn"]
[EventCountry "USA"]
[SourceTitle "playchess.com"]
[Source "ChessBase"]
[SourceQuality "1"]

{[%evp 24,61,13,0,0,0,17,17,19,22,14,2,26,22,146,11,0,0,0,0,0,0,30,22,22,26,21,20,37,41,40,40,41,41,41,30,41,41,48,43]} 1. e4 e5 2. Nc3 Nf6 3. g3 d5 4. exd5 Nxd5 5. Bg2 Nxc3 6. bxc3 Bc5 7. Nf3 Nc6 8. O-O O-O 9. Re1 Qf6 10. d3 h6 11. Rb1 {C47: Scotch Four Knights and Four Knights with 4 g3} (11. Be3 Bb6 12. Nd2 Be6 13. a4 Rad8 14. Qh5 Bd5 15. Ne4 Qe6 16. Bh3 f5 17. Nd2 Qe8 18. Qxe8 Rdxe8 {½-½ (31) Amonatov,F (2620)-Tomashevsky,E (2716) Doha 2016}) 11... Bb6 12. Be3 Bg4 13. h3 {[#] LiveBook: 4 Games. The position is equal.} Be6 $146 ({Predecessor:} 13... Bh5 14. g4 Bg6 15. Nd2 Rad8 16. Qe2 Rfe8 17. Ne4 Qe7 18. a4 Rb8 {½-½ (64) Biliskov,V (2332)-Kuljasevic,D (2561) Zadar 2012}) 14. c4 {[%cal Bc3c4,Bc4c5][%mdl 32]} e4 15. Nd2 exd3 16. c5 Ba5 {...dxc2 is the strong threat.} 17. Rxb7 Nb4 18. cxd3 Bd5 (18... Nxd3 $11 {remains equal.} 19. Re2 Rad8) 19. Rxb4 (19. Nc4 $16 {Threatens to win with Bxd5.} Bxb7 20. Bxb7 Nxd3 21. Nxa5 Nxe1 22. Bxa8 (22. Qxe1 Rab8 $11) 22... Rxa8 23. Qxe1) 19... Bxg2 $11 20. Rf4 Qc6 21. Qa4 Bxd2 22. Bxd2 Rfe8 (22... Rfd8 {feels hotter.} 23. Re7 Rxd3 24. Rfxf7 Qxa4 25. Rxg7+ Kf8) 23. Rxe8+ (23. Re3 {keeps more tension.} f6 24. Qxc6 Bxc6 25. Kf1 Rab8 26. Rb4) 23... Rxe8 24. Qxc6 Bxc6 {[%mdl 4096] Endgame KRB-KRB} 25. Kf1 Rb8 26. Rb4 Rxb4 27. Bxb4 Bd7 28. h4 f6 29. d4 Be6 30. a3 g5 31. Ke1 {Precision: White = 56%, Black = 31%.} 1/2-1/2

[Event "US-ch Open 2018"]
[Site "Saint Louis"]
[Date "2018.04.23"]
[Round "6"]
[White "So, Wesley"]
[Black "Izoria, Zviad"]
[Result "1/2-1/2"]
[WhiteElo "2786"]
[BlackElo "2599"]
[Annotator "TA"]
[PlyCount "60"]
[EventDate "2018.??.??"]
[EventType "tourn"]
[EventCountry "USA"]
[SourceTitle "playchess.com"]
[Source "ChessBase"]
[SourceQuality "1"]

{[%evp 12,60,27,27,21,30,39,46,54,0,27,20,12,18,35,34,45,-6,-11,-5,8,0,0,0,0,-9,-4,-8,-12,-9,-12,-10,0,-10,-10,-11,-10,-10,-7,-12,-11,-13,-10,-12,-8,-11,0,0,0,-4,-4]} 1. Nf3 d5 2. d4 e6 3. c4 a6 4. Nbd2 (4. Nc3 Nf6 5. cxd5 exd5 6. Bf4 Bd6 7. Bg3 O-O 8. e3 Nc6 9. Bd3 Bg4 10. a3 Bxg3 11. hxg3 g6 12. Qc2 Qd6 13. O-O-O b5 {1-0 (54) Bu,X (2730)-Bosiocic,M (2624) Riadh 2017}) 4... Nf6 5. g3 c5 6. Bg2 {D30: Queen's Gambit Declined: Systems without Nc3} Nc6 7. O-O {LiveBook: 5 Games} cxd4 8. cxd5 Qxd5 $146 ({Predecessor:} 8... exd5 9. Nb3 Be7 10. Nfxd4 O-O 11. Bf4 Nh5 12. Nxc6 bxc6 {0-1 (43) Kopylov,M (2450)-Teske,H (2500) Germany 2014}) 9. Nb3 {[%cal Rf3d4] [#]} d3 $1 {[%mdl 512]} 10. e4 (10. exd3 $14 Qd8 11. d4) (10. Qxd3 Qxd3) 10... Qb5 ({Of course not} 10... Nxe4 $6 11. Ng5 $1 $16 {[%mdl 512]}) 11. Nbd4 Nxd4 12. Nxd4 Qd7 13. Be3 Bc5 {[#]} 14. Nf5 (14. Nxe6 $1 $14 {[%mdl 512]} Bxe3 (14... Qxe6 15. Bxc5) 15. Nxg7+ Kf8 16. e5 Bxf2+ 17. Kh1 (17. Rxf2 Ng4 $18)) 14... exf5 $11 {The position is equal.} 15. Bxc5 Nxe4 16. Re1 Qd5 $1 {[%cal Rd5c5]} 17. Qa4+ b5 $1 {[%cal Rb5a4]} 18. Bxe4 fxe4 19. Qxe4+ Qxe4 20. Rxe4+ Be6 21. Rd4 Rd8 22. Bd6 f6 23. Rxd3 Kf7 24. Rd2 Rd7 {aiming for ...Rhd8.} 25. Bb4 Rxd2 26. Bxd2 Rd8 27. Bc3 Bg4 28. Re1 Rd1 29. Rxd1 Bxd1 30. f4 Ke6 {Precision: White = 71%, Black = 61%.} 1/2-1/2

[Event "US-ch Open 2018"]
[Site "Saint Louis"]
[Date "2018.04.23"]
[Round "6"]
[White "Onischuk, Alexander"]
[Black "Liang, Awonder"]
[Result "1/2-1/2"]
[WhiteElo "2672"]
[BlackElo "2552"]
[Annotator "TA"]
[PlyCount "68"]
[EventDate "2018.??.??"]
[EventType "tourn"]
[EventCountry "USA"]
[SourceTitle "playchess.com"]
[Source "ChessBase"]
[SourceQuality "1"]

{[%evp 22,68,12,0,0,10,5,0,59,20,51,0,0,0,0,0,0,0,14,0,0,0,-8,0,0,0,-1,-8,0,0,0,0,0,0,0,0,0,0,0,0,0,0,0,0,0,0,0,0,0]} 1. d4 Nf6 2. c4 e6 3. Nf3 d5 4. Nc3 c5 5. cxd5 Nxd5 6. e4 Nxc3 7. bxc3 cxd4 8. cxd4 Bb4+ 9. Bd2 Bxd2+ 10. Qxd2 O-O 11. Bb5 a6 12. Be2 (12. Bd3 {keeps more tension.} Nc6 13. Qc3 Qd6 14. e5 Qb4 15. Qxb4 Nxb4 16. Be4) 12... b6 $146 {D41: Queen's Gambit Declined: Semi-Tarrasch with 5 cxd5} ({Predecessor:} 12... b5 13. O-O Bb7 14. Qe3 Nc6 15. Rfb1 Qe7 16. a4 Nb4 17. Bd1 bxa4 18. Rxa4 a5 19. Rba1 Qc7 20. Nd2 {½-½ (57) Nanu,C (2509)-Istratescu,A (2593) Eforie Nord 2017}) 13. O-O Bb7 14. Qe3 Nd7 (14... Nc6 $11) 15. Rfd1 h6 16. Ne5 ({White should play} 16. Nd2 $14) 16... b5 $11 {The position is equal.} 17. Rac1 Nxe5 18. dxe5 Qh4 19. f3 {Black must now prevent Rc7.} Rac8 20. g3 Qe7 21. Rd6 Rxc1+ 22. Qxc1 Rc8 23. Qd2 Qc7 24. Kf2 Qc5+ 25. Qd4 {Qxc5 is the strong threat.} Qc1 26. Rd8+ Kh7 {[#] aiming for ...Rc2.} 27. Rxc8 Bxc8 28. h4 Qc2 29. Qa7 b4 30. Qxf7 Qc5+ 31. Kg2 Qc2 32. Kf2 Qc5+ 33. Kg2 Qc2 34. Kf2 Qc5+ {Precision: White = 45%, Black = 74%.} 1/2-1/2

[Event "US-ch Open 2018"]
[Site "Saint Louis"]
[Date "2018.04.23"]
[Round "6"]
[White "Robson, Ray"]
[Black "Caruana, Fabiano"]
[Result "0-1"]
[WhiteElo "2660"]
[BlackElo "2804"]
[Annotator "TA"]
[PlyCount "78"]
[EventDate "2018.??.??"]
[EventType "tourn"]
[EventCountry "USA"]
[SourceTitle "playchess.com"]
[Source "ChessBase"]
[SourceQuality "1"]

{[%evp 23,78,0,0,0,37,43,32,41,36,37,43,16,33,0,0,-13,28,0,59,11,8,16,31,7,7,11,15,-4,-7,-25,0,0,83,85,106,-86,-90,-173,-163,-226,-226,-208,-213,-850,-850,-804,-793,-704,-734,-865,-854,-1514,-1514,-1237,-1202,-6270,-6270]} 1. e4 e5 2. Nf3 Nf6 3. Nxe5 d6 4. Nf3 Nxe4 5. Nc3 Nxc3 6. dxc3 Be7 7. Be3 O-O 8. Qd2 {C42: Petroff Defence: 3 Nxe5 and unusual White 3rd moves} Nd7 9. O-O-O c6 10. Kb1 d5 11. c4 Nb6 12. cxd5 Nxd5 {LiveBook: 5 Games} 13. Bc4 {[%cal Rc4d5] [#]} Bf5 $146 ({Predecessor:} 13... Be6 14. Rhe1 Bb4 15. c3 Be7 {½-½ (26) Vachier Lagrave,M (2744)-Giri,A (2793) Baku 2015}) 14. Bxd5 cxd5 15. Qxd5 Qc8 16. Nd4 Bg6 17. Ka1 Re8 18. Rhe1 Bf6 19. c3 Re5 (19... Be4 $5 {[%cal Re4d5]} 20. Qb3 Bxg2 $11) 20. Qb3 a6 (20... a5 $11 21. a4 Be4) 21. Bf4 Rxe1 22. Rxe1 Qd7 23. Be5 {Threatening Bxf6.} Re8 24. f4 Bd8 25. a4 h6 26. Rd1 Qg4 27. Rd2 b5 (27... Qc8 $11 {keeps the balance.}) 28. axb5 $16 axb5 29. Qd1 $2 {[#]} ({Much weaker is} 29. Nxb5 $6 Bb6 $11) (29. Qxb5 $16 {is forced if you want to stay better.} f6 30. Bd6) 29... Qd7 $1 $17 {[%cal Rd7a7] ( -> ...Qa7+)} 30. f5 (30. Nc2 $17 {keeps fighting.} Qa7+ 31. Na3) 30... Bg5 $40 {[%mdl 128] Black is out for blood.} 31. Rd3 (31. fxg6 $142 Bxd2 32. Bg3) 31... Bxf5 ({Weaker is} 31... Rxe5 32. fxg6 fxg6 33. Nf3 $14) 32. Nxf5 Qxf5 33. Bg3 $2 (33. Bc7) 33... Ra8+ {Black is clearly winning.} 34. Kb1 Rd8 35. Kc2 {[#]} b4 $1 {[%mdl 512]} 36. cxb4 Rc8+ 37. Kb3 Qe6+ 38. Rd5 Rd8 39. Kc4 Qc6+ {Precision: White = 26%, Black = 68%.} 0-1

[Event "US-ch Open 2018"]
[Site "Saint Louis"]
[Date "2018.04.23"]
[Round "6"]
[White "Akobian, Varuzhan"]
[Black "Shankland, Samuel"]
[Result "0-1"]
[WhiteElo "2647"]
[BlackElo "2671"]
[Annotator "TA"]
[PlyCount "118"]
[EventDate "2018.??.??"]
[EventType "tourn"]
[EventCountry "USA"]
[SourceTitle "playchess.com"]
[Source "ChessBase"]
[SourceQuality "1"]

{[%evp 19,118,11,27,10,21,-33,-22,-28,-20,-16,-12,-29,-26,-26,-1,-8,0,-14,11,14,105,29,18,27,20,27,47,0,25,39,75,74,70,0,0,0,0,-58,-64,-71,-79,-170,-162,-161,-163,-166,-168,-172,-168,-244,-244,-236,-217,-223,-220,-256,-253,-258,-256,-241,-232,-283,-267,-270,-267,-308,-306,-277,-287,-369,-368,-349,-350,-1038,-900,-758,-721,-845,-2154,-1660,-605,-12837,-12837,-12838,-12838,-12839,-12839,-12839,-12839,-12840,-12841,-12845,-12837,-12837,-12838,-12845,-6996,-12846,-12847,-12847,-12847]} 1. d4 Nf6 2. c4 e6 3. Nc3 Bb4 4. Qc2 d5 5. a3 Bxc3+ 6. Qxc3 dxc4 7. Qxc4 b6 {E36: Nimzo-Indian: Classical: 4...d5 5 a3} 8. Nf3 Ba6 9. Qa4+ Qd7 10. Qc2 h6 {LiveBook: 3 Games} (10... Qc6 11. Qxc6+ Nxc6 12. Bf4 O-O-O 13. Rc1 Kb7 14. g3 Rhe8 15. Bg2 {0-1 (42) Akobian,V (2647)-Anand,V (2782) Riadh 2017}) 11. g3 Bb7 12. Bg2 (12. Ne5 $11 Qc8 13. f3) 12... Be4 $1 $15 {[%cal Re4c2]} 13. Qd1 $146 ({Predecessor:} 13. Qc4 Nc6 14. O-O Na5 15. Qc3 {½-½ (58) Salgado Lopez,I (2618)-Wagner,D (2571) Drancy 2016}) 13... Nc6 14. O-O Rd8 15. Be3 O-O 16. Rc1 Qd5 17. Qa4 Ng4 18. Rc3 Nxe3 19. fxe3 Qd6 (19... e5 $11) 20. Nh4 (20. Rfc1 $16 {[%cal Rc3c6]} Ne7 21. Rxc7) 20... Bxg2 $11 21. Nxg2 Ne7 22. Qxa7 Nd5 23. Rc2 Ra8 24. Qb7 c5 25. dxc5 bxc5 {[#]} 26. Qb5 (26. Rxf7 $1 $14 {[%mdl 512]} Rxf7 27. Qxa8+ Rf8 28. Qa5) 26... Rfb8 27. Qd3 Qe5 28. Rxc5 (28. e4 $11 Nf6 29. Ne3) 28... Qxb2 $15 (28... Rxb2 $2 29. e4 $18) 29. Rfc1 Rd8 {Hoping for ...Nf4!} 30. Qe4 (30. R5c2 $17 Qxa3 31. Qxa3 Rxa3 32. Rc8) 30... Qxe2 $19 ({Don't take} 30... Rxa3 31. Rc8 $17) (30... Qxa3 31. R5c2 $17) 31. R5c2 Qb5 32. Nf4 Nf6 ({Don't play} 32... Rxa3 33. Rc8 $17) 33. Qb4 Qe5 34. Qc5 (34. Qb3 {keeps fighting.}) 34... Qxc5 35. Rxc5 g5 36. Ne2 Rxa3 37. Rc8 Rxc8 38. Rxc8+ {[%mdl 4096] Endgame KRN-KRN} Kg7 39. Rc3 Ra1+ 40. Kg2 Ra2 41. Kf1 Ne4 42. Rd3 g4 43. Rd4 f5 44. Rd3 Kf6 45. Rd8 Ng5 46. Rh8 $2 (46. Kf2) 46... Ra1+ {Black is clearly winning.} 47. Kg2 Nh3 48. Rb8 Re1 49. Rb2 Ke5 (49... h5 $142 50. Ra2 Ke5) 50. Ra2 Ke4 51. Ra4+ Kxe3 52. Ra3+ Ke4 ({Weaker is} 52... Kxe2 53. Re3+ Kd1 54. Rd3+ Kc2 55. Rc3+ Kd2 56. Rd3+ Kc2 57. Rc3+ Kd2 58. Rd3+ Kc2 $11) 53. Ra2 Ke5 54. Rb2 Kf6 55. Ra2 e5 56. Ra6+ Kg5 57. Ra2 Kh5 58. Rb2 f4 59. gxf4 {[#]} Rxe2+ $1 {[%mdl 512] Precision: White = 36%, Black = 73%.} 0-1

[Event "US-ch Open 2018"]
[Site "Saint Louis"]
[Date "2018.04.23"]
[Round "6"]
[White "Zherebukh, Yaroslav"]
[Black "Lenderman, Aleksandr"]
[Result "1/2-1/2"]
[WhiteElo "2640"]
[BlackElo "2599"]
[Annotator "TA"]
[PlyCount "60"]
[EventDate "2018.??.??"]
[EventType "tourn"]
[EventCountry "USA"]
[SourceTitle "playchess.com"]
[Source "ChessBase"]
[SourceQuality "1"]

{[%evp 34,60,14,17,41,45,40,57,52,4,6,6,11,6,6,4,4,4,7,6,16,12,16,9,27,5,56,0,0]} 1. d4 Nf6 2. c4 e6 3. Nf3 d5 4. Nc3 dxc4 5. e3 a6 6. a4 c5 7. Bxc4 Be7 8. O-O Nc6 9. Qe2 cxd4 10. Rd1 e5 11. exd4 exd4 12. Nxd4 Nxd4 13. Qe5 Qd6 14. Qxd6 Bxd6 15. Rxd4 Be5 16. Rh4 {D27: Queen's Gambit Accepted: Classical main line: 7 e4!? and 7 a4} O-O 17. Bf4 Bxf4 18. Rxf4 {[#] LiveBook: 3 Games} Re8 $146 ({Predecessor:} 18... Bd7 19. Nd5 Nxd5 20. Bxd5 Rab8 21. Rc1 Be6 22. Bxe6 fxe6 23. Rxf8+ Rxf8 24. g3 Rd8 25. Rc7 Rd4 26. Rxb7 Rxa4 27. Re7 Re4 28. Ra7 Ra4 29. Kg2 a5 30. b4 {½-½ (30) Kunin,V (2541)-Donchenko,A (2569) Zuerich 2017}) 19. Nd5 Nxd5 $1 20. Bxd5 Re7 21. Re4 Be6 22. Rae1 {[%cal Rd5e6]} Rd8 23. Bxe6 Rxe6 24. Kf1 Rxe4 25. Rxe4 $11 {[%mdl 4096] Endgame KR-KR} Kf8 26. Rb4 Rd7 27. Ke2 Ke7 28. h4 h5 29. g3 g6 ({Better is} 29... Kd6 $11) 30. Re4+ (30. Ke3 $14) 30... Kf6 {Precision: White = 53%, Black = 41%.} 1/2-1/2

[Event "US-ch Open 2018"]
[Site "Saint Louis"]
[Date "2018.04.25"]
[Round "7"]
[White "Caruana, Fabiano"]
[Black "Akobian, Varuzhan"]
[Result "1-0"]
[WhiteElo "2804"]
[BlackElo "2647"]
[Annotator "TA"]
[PlyCount "59"]
[EventDate "2018.??.??"]
[EventType "tourn"]
[EventCountry "USA"]
[SourceTitle "playchess.com"]
[Source "ChessBase"]
[SourceQuality "1"]

{[%evp 14,59,10,2,21,6,41,39,49,46,56,66,62,39,31,27,32,50,156,144,151,115,228,226,219,227,227,225,214,222,215,210,222,216,216,208,215,181,179,199,756,762,5497,5493,2403,2197,29997,29998]} 1. e4 e6 2. d4 d5 3. Nc3 Nf6 4. e5 Nfd7 5. f4 c5 6. Nf3 Be7 7. Be3 Nc6 8. Qd2 b6 {C11: French: Classical System: 4 e5 and 4 Bg5 dxe4} (8... a6 9. a3 b5 10. Bd3 Bb7 11. O-O O-O 12. Kh1 f5 13. Qf2 Rc8 14. Rg1 b4 15. axb4 Nxb4 16. g4 g6 17. gxf5 Nxd3 18. cxd3 Rxf5 {0-1 (40) Kasparov,G (2812)-Caruana,F (2807) Saint Louis 2017}) 9. Bb5 Qc7 10. O-O-O $146 ({Predecessor:} 10. h4 a6 11. Bxc6 Qxc6 12. h5 c4 13. g4 b5 14. f5 {1-0 (34) Ponkratov,P (2605)-Volkov,S (2612) Moscow 2018}) 10... a6 {White is slightly better.} 11. Bxc6 $1 Qxc6 12. f5 c4 13. f6 (13. Bg5 {is more complex.} Bb4 14. g4 h6 15. Bh4 a5 16. a3) 13... gxf6 14. exf6 Bxf6 15. Rhf1 b5 {[#]} (15... Be7 $14) 16. Qf2 $1 $16 b4 17. Ne2 {Strongly threatening Ne5!} b3 {[#]} (17... Qc7 $16) 18. Ne5 $1 $18 {[%cal Re5c6][%mdl 512]} Bxe5 (18... Nxe5 19. Qxf6) 19. Qxf7+ Kd8 20. dxe5 bxa2 21. Kd2 {And now Nd4 would win.} Rf8 22. Qxh7 Rxf1 23. Rxf1 {Black must now prevent Nd4.} d4 24. Qg8+ ({Weaker is} 24. Nxd4 c3+ 25. bxc3 Qxg2+ 26. Rf2 Qd5 $11) 24... Kc7 25. Nxd4 ({Less strong is} 25. Bxd4 Bb7 $14) 25... Qd5 26. Qxe6 Qa5+ $2 (26... Bb7) 27. c3 {Nc6 is the strong threat.} Nxe5 {[#]} 28. Rf7+ $1 {[%mdl 512]} Nxf7 29. Bf4+ Kb7 30. Qxf7+ {Precision: White = 90%, Black = 29%.} 1-0

[Event "US-ch Open 2018"]
[Site "Saint Louis"]
[Date "2018.04.25"]
[Round "7"]
[White "Shankland, Samuel"]
[Black "So, Wesley"]
[Result "1/2-1/2"]
[WhiteElo "2671"]
[BlackElo "2786"]
[Annotator "TA"]
[PlyCount "100"]
[EventDate "2018.??.??"]
[EventType "tourn"]
[EventCountry "USA"]
[SourceTitle "playchess.com"]
[Source "ChessBase"]
[SourceQuality "1"]

{[%evp 27,100,1,3,-3,-3,-3,-3,-3,-3,-5,0,0,0,0,0,0,0,-37,0,-37,-37,-37,-37,-35,-29,-57,-60,-57,-63,-68,-68,-68,-39,-39,-32,-32,-32,-32,-32,-32,-32,-32,-3,-20,-3,-3,-3,-5,-5,-12,-3,-3,-3,-17,-17,-17,-17,-17,-17,-17,-17,-17,-17,-17,-17,-17,0,0,0,0,0,0,0,0,0]} 1. d4 Nf6 2. c4 g6 3. Nc3 d5 4. cxd5 Nxd5 5. g3 Bg7 6. Bg2 Nxc3 7. bxc3 c5 8. Nf3 Nc6 9. O-O O-O 10. Rb1 cxd4 11. Nxd4 Nxd4 12. cxd4 Qxd4 13. Be3 {D75: Fianchetto Grünfeld: Main Line with 7...c5} (13. Bf4 Be6 14. Rxb7 Bxa2 15. Rd7 Qxd1 16. Rfxd1 Rae8 17. Rxa7 Bc4 18. Rc1 Bxe2 19. Bc6 Rd8 20. Rxe7 Bg4 21. Kg2 Bf6 {½-½ (21) Li,C (2748)-Leko,P (2714) Szeged 2015}) 13... Qc4 14. Qd2 Be6 {LiveBook: 4 Games} 15. Rfc1 Rad8 $146 16. Qxd8 $1 Rxd8 17. Rxc4 Bxc4 18. Bxa7 b5 19. Bc6 Bxa2 20. Rxb5 Bc4 21. Rb7 Bf6 22. Bf3 Rd1+ 23. Kg2 Re1 24. Be3 {[#] Threatens to win with Bh6.} Bxe2 25. Bxe2 Rxe2 $15 {[%mdl 4096] Endgame KRB-KRB} 26. Bh6 {[%cal Rb7b8]} Rb2 27. Rd7 {[%cal Rd7d8]} Rb8 28. h4 Re8 29. Bg5 Bxg5 30. hxg5 {KR-KR} Kf8 31. f4 Rc8 32. Ra7 Rc6 33. Ra8+ Kg7 34. Ra7 Re6 35. Kf3 {The position is equal.} Re1 36. Kf2 Re4 37. Kf3 Re6 38. g4 {[%cal Bg3g4,Bg4g5][%mdl 32]} f6 39. gxf6+ Kxf6 40. g5+ Kf7 41. Ra1 Rd6 42. Rh1 Kg7 43. Re1 Rd3+ 44. Kg4 Rd7 45. Re2 Kf8 46. Rh2 e6 47. Re2 Ke7 48. Rh2 Kd6 49. Rd2+ Ke7 50. Rh2 Kd6 {Precision: White = 76%, Black = 63%.} 1/2-1/2

[Event "US-ch Open 2018"]
[Site "Saint Louis"]
[Date "2018.04.25"]
[Round "7"]
[White "Xiong, Jeffery"]
[Black "Zherebukh, Yaroslav"]
[Result "1/2-1/2"]
[WhiteElo "2665"]
[BlackElo "2640"]
[Annotator "TA"]
[PlyCount "91"]
[EventDate "2018.??.??"]
[EventType "tourn"]
[EventCountry "USA"]
[SourceTitle "playchess.com"]
[Source "ChessBase"]
[SourceQuality "1"]

{[%evp 19,91,0,21,0,0,0,0,0,31,26,31,29,41,40,31,39,31,23,29,20,20,12,27,0,33,28,30,8,8,8,8,8,8,8,97,100,86,26,63,27,28,32,25,0,0,0,0,0,0,0,0,0,0,0,0,0,0,0,0,0,0,0,0,0,0,0,0,0,0,0,0,0,0,0]} 1. d4 d5 2. c4 e6 3. Nf3 Nf6 {[%cal Bg8f6,Bf6d5,Bd5b4][%mdl 32]} 4. g3 dxc4 5. Bg2 Nc6 6. Qa4 Bb4+ 7. Bd2 Nd5 8. Bxb4 {E04: Open Catalan: 5 Nf3} Ndxb4 9. Nc3 Bd7 10. O-O a5 {LiveBook: 38 Games} 11. Nb5 $146 ({Predecessor:} 11. Qd1 O-O 12. e3 a4 13. Nxa4 Nxd4 14. Qxd4 Bxa4 15. Qxc4 Qe7 {½-½ (30) Matlakov,M (2718)-So,W (2792) Wijk aan Zee 2018}) 11... Ra6 {[#] ...Na7 is the strong threat.} 12. Qd1 Ne7 13. a4 O-O 14. Ne5 Bc6 15. Nxc6 Nexc6 16. Rc1 Qe7 17. Rxc4 Raa8 18. Qc1 Rfd8 19. Rd1 Rd7 20. e3 Rad8 21. h4 h5 22. Rc5 g6 23. Qc4 e5 $1 24. Bxc6 bxc6 25. Nc3 exd4 26. exd4 Ra8 (26... Nc2 $1 $11 {keeps the balance.} 27. Ne2 (27. Rxa5 Rxd4 28. Rxd4 Rxd4 $11) (27. Rxc6 Nxd4 28. Rxg6+ Kf8 $11) 27... Nxd4 28. Nxd4 (28. Rxd4 Rxd4 29. Nxd4 Qe4 $11) 28... Qe4) 27. Re5 $16 Qd8 28. Ne2 ({Better is} 28. Rd2 $16) 28... Kg7 29. Nf4 Nd5 30. Nxd5 ({Don't play} 30. Qxc6 Nxf4 31. gxf4 Rd6 $15) 30... Rxd5 31. Rc1 Rxd4 {The position is equal.} 32. Qxc6 Qf6 33. Qxf6+ Kxf6 $11 {[%mdl 4096] Endgame KRR-KRR} 34. Re3 Rxa4 35. Rf3+ Kg7 36. Rxc7 Rf8 37. Rb7 Rd4 38. b3 Re4 39. Kg2 Rd4 40. Re3 Rd5 41. Rf3 Re5 42. Rf4 Rd5 43. Kf1 Re5 44. Kg1 Rd5 45. Kg2 Rc5 46. Kg1 {Precision: White = 67%, Black = 71%.} 1/2-1/2

[Event "US-ch Open 2018"]
[Site "Saint Louis"]
[Date "2018.04.25"]
[Round "7"]
[White "Izoria, Zviad"]
[Black "Nakamura, Hikaru"]
[Result "1-0"]
[WhiteElo "2599"]
[BlackElo "2787"]
[Annotator "TA"]
[PlyCount "184"]
[EventDate "2018.??.??"]
[EventType "tourn"]
[EventCountry "USA"]
[SourceTitle "playchess.com"]
[Source "ChessBase"]
[SourceQuality "1"]

{[%evp 12,184,43,34,95,92,103,57,93,108,104,111,109,92,131,45,115,91,89,90,79,85,90,83,81,90,81,82,94,68,84,54,80,29,27,64,66,53,94,74,102,103,161,139,150,108,103,106,109,106,125,118,117,118,170,155,134,0,168,168,215,213,215,0,135,124,132,68,158,143,130,72,89,67,85,47,49,51,72,75,75,63,81,64,63,63,68,66,66,68,68,63,65,65,93,87,102,102,102,46,46,45,46,8,115,47,72,72,72,72,72,72,72,72,89,76,70,0,43,43,47,54,59,15,15,12,31,31,31,31,60,60,87,87,162,169,193,146,412,398,367,270,220,202,621,6735,5202,5403,5302,5043,3762,3258,5203,1464,29950,11890,29960,5594,29937,29938,12837,5440,599,12847,29968,29968,29970,29963,29965,29964,29966,29967,29967,29963,29973]} 1. Nf3 g6 2. e4 {[%cal Be2e4,Be4e5][%mdl 32]} Bg7 3. d4 d6 4. Bc4 Nf6 5. Qe2 O-O 6. O-O Nc6 7. e5 {LiveBook: 9 Games. B06: Modern Defence} (7. Rd1 d5 8. exd5 Nxd5 9. h3 Re8 10. Bb3 Na5 11. Ba4 c6 12. c3 Bf5 13. Na3 b5 14. Bc2 Bxc2 15. Nxc2 {1-0 (40) Grischuk,A (2750)-Vachier Lagrave,M (2795) chess.com INT 2017}) 7... Ng4 (7... Ne8 $14) 8. h3 $16 Nh6 9. Nc3 {White is better.} Kh8 $146 ({Predecessor:} 9... Nf5 10. Rd1 dxe5 11. dxe5 Ncd4 12. Nxd4 Nxd4 13. Qe4 c5 {0-1 (31) De la Villa Garcia,J (2452)-Narciso Dublan,M (2467) Barcelona 2006}) 10. Rd1 a6 11. a3 b5 12. Bd5 Bb7 13. Bf4 (13. Qe4 $16 Qe8 14. Bxc6 Bxc6 15. d5) 13... Qc8 (13... e6 $1 $14) 14. Be4 Rb8 15. Re1 dxe5 16. dxe5 Nd8 17. Rad1 Ne6 18. Bc1 Ng8 19. Bxb7 Rxb7 20. Qe4 c5 21. Nd5 c4 22. Ng5 (22. Qh4 $16) 22... Nxg5 $11 23. Bxg5 Qf5 24. Nc3 Rfb8 25. Bc1 a5 26. g4 Qc8 (26... Qxe4 $16 {is a better defense.} 27. Nxe4 b4) 27. Qf3 $1 $18 e6 28. Bf4 Ne7 29. Ne4 Rc7 30. Bg3 Qf8 31. Nf6 Rbc8 32. Rd6 g5 (32... Ra7 $16) 33. Nd7 Qe8 34. Nf6 Qf8 35. Red1 h6 36. Nd7 Qe8 37. Nf6 $2 (37. h4 $18) 37... Bxf6 (37... Qf8 $1 $11) 38. exf6 $16 Ng6 39. Qe4 (39. Ra6 $16) 39... c3 (39... Rc6 $14) 40. b3 a4 41. bxa4 (41. b4 $142 $1) 41... bxa4 42. Ra6 e5 43. Qxa4 (43. Rdd6 {looks sharper.} Rc4 44. Qd3 e4 45. Qe3 Ne5 46. Bxe5 Qxe5 47. Rd7) 43... Qxa4 44. Rxa4 Rc6 45. Ra5 Re8 46. Rdd5 Rxf6 47. Rxe5 Nxe5 48. Bxe5 Rxe5 49. Rxe5 $14 {[%mdl 4096] Endgame KR-KR} Ra6 $1 50. Rc5 Rxa3 51. Kf1 Kg7 52. Ke2 Kf6 53. Kd3 Ra6 54. Rxc3 ({But not} 54. Kxc3 $6 Ra3+ 55. Kd4 Rxh3 $11) 54... Ke6 55. Ke4 (55. Kd4 $16) 55... Ra4+ 56. Ke3 f6 57. f3 Ra1 {[#]} (57... h5 $11 {keeps the balance.}) 58. f4 ({White should play} 58. Kd4 $1 $16) 58... gxf4+ 59. Kxf4 Ra4+ 60. Kg3 Kf7 61. Rc5 Ra3+ 62. c3 Ra1 63. Kf4 Rh1 64. Kg3 ({Better is} 64. Kf5 $14) 64... Rg1+ 65. Kf2 Rh1 66. Kg2 Rc1 67. h4 Ke6 68. h5 Kd6 69. Rf5 Ke6 70. Rf3 Ke5 71. Kf2 Rc2+ 72. Kg3 Ke6 (72... Rb2 $16) 73. Kf4 $18 Kf7 74. Ke4 Rd2 $2 {[%mdl 8192]} (74... Ke6 $16 75. Re3 Rf2) 75. c4 {[%cal Bc3c4,Bc4c5,Bc5c6][%mdl 32]} Ke6 76. Rc3 Rg2 77. Kf3 Rg1 $2 (77... Ra2 78. c5 Kd7) 78. c5 Kd7 79. c6+ Kc7 80. Kf4 Rf1+ 81. Ke4 Rf2 82. Rf3 Re2+ 83. Kf5 Re5+ 84. Kxf6 (84. Kg6 $142 Kd8 85. Rxf6 Rg5+ 86. Kxh6 Rxg4 87. Kh7 Kc7 88. h6 Kb6 89. Rg6) 84... Rg5 85. Kf7 Rxg4 86. Rf6 Rg5 87. Rxh6 Rc5 88. Rh8 {White mates.} Rxc6 89. Kg7 Rc1 90. h6 Rg1+ 91. Kh7 Kd7 {[#]} 92. Rg8 $1 Re1 {Precision: White = 63%, Black = 46%.} 1-0